Biodiversidade do estuário do rio Arade (Registo nº 1571)

Detalhes MARC
000 -Etiqueta do registo
Cabeçalho 00954nam0a2200277 4500
005 - Identificador da versão
Campo de controlo 20240813121840.0
010 ## - Número internacional normalizado dos livros (ISBN)
Número (ISBN) 9789899726048
021 ## - Número do Depósito Legal
Código do país PT
Número 366692/13
100 ## - Dados gerais de processamento
Dados gerais de processamento 20160509d2013 m y0pory50030103ba
102 ## - Pais de publicação ou produção
País de publicação Portugal
101 0# - Língua de publicação
Língua do texto, banda sonora, etc. Português
215 ## - Descrição física 
Indicação específica da natureza do documento e extensão da espécie 255 p.
Outras indicações físicas il. color
200 1# - Titulo e menção de responsabilidade
Título próprio Biodiversidade do estuário do rio Arade
Informação de outro título peixes e invertebrados
Primeira menção de responsabilidade Jorge Gonçalves... [et al.]
210 ## - Publicação, Distribuição, etc. 
Lugar da edição, distribuição, etc. [Oeiras]
Nome do editor, distribuidor, etc. Mundo Gobius Comunicação e Ciência
Data da publicação, distribuição, etc. cop. 2013
606 ## - Nome comum usado como assunto
Número de registo de entrada de autoridade 0002887
Palavra de ordem Biodiversidade
Subdivisão de assunto Rios
-- Arade
Código do sistema CA
675 ## - Classificação Decimal Universal (CDU)
Notação 502.1(469.601)(282)
Edição 3ª ed.
Língua da edição por
Notação 597.2/.5(469.601)(282)
Edição 3ª ed.
Língua da edição por
Notação 574(469.601)(282)
Edição 3ª ed.
Língua da edição por
701 #1 - Nome de autor-pessoa física (co-responsabilidade principal)
Palavra de ordem Gonçalves
Outra parte do nome não tomada para palavra de ordem Jorge
Elementos de identificação ou distinção [et al.]
Código de função Autor / Co-autor
Palavra de ordem Veiga
Outra parte do nome não tomada para palavra de ordem Pedro
Elementos de identificação ou distinção [et al.]
Código de função Autor / Co-autor
Palavra de ordem Machado
Outra parte do nome não tomada para palavra de ordem Daniel
Elementos de identificação ou distinção [et al.]
Código de função Autor / Co-autor
966 ## - Identificação da Biblioteca
Sigla EB2,3ENM
942 ## - Elementos de entrada adicionados (Koha)
Tipo de item no Koha Livro
Exemplares
Situação do levantamento Origin of item (home branch) (coded) Biblioteca de empréstimo Código de barras Cota Circulation type (not for loan) Tipo de documento Nota do exemplar Damaged status
  Biblioteca Escolar Eng. Nuno Mergulhão Biblioteca Escolar Eng. Nuno Mergulhão BENM3679 50 BIO   Livro Sem mensagem